000 00345 a2200157 4500
001 164413
020 _a
040 _cMagnum
100 _aHollaender, Arnon
240 1 0 _aKeyword: a complete english course
_lING
245 1 0 _aKeyword: a complete english course
362 0 _a1899
440 1 _aModerna
697 _aINGLES
942 _cBK
999 _c164413
_d164413